All Tom Clancy's Rainbow Six Siege Operators - Statistics

General Stats
  • This quiz has been taken 530 times
    176 since last reset
  • The average score is 55 of 75
Answer Stats
Squad Type Operator % Correct
FBI SWAT Attacker Ash
96%
SAS Defender Mute
96%
SAS Defender Smoke
96%
SAS Attacker Thatcher
95%
FBI SWAT Defender Castle
93%
SAS Attacker Sledge
92%
FBI SWAT Attacker Thermite
90%
GIGN Defender Doc
89%
Spetsnaz Attacker Fuze
89%
GIGN Attacker Montagne
89%
JTF2 Attacker Buck
88%
Spetsnaz Defender Kapkan
88%
GIGN Defender Rook
88%
GSG 9 Attacker Blitz
87%
FBI SWAT Defender Pulse
87%
GSG 9 Defender Bandit
86%
GIGN Attacker Twitch
84%
GSG 9 Defender Jäger
83%
Spetsnaz Defender Tachanka
83%
BOPE Defender Caveira
82%
JTF2 Defender Frost
82%
Spetsnaz Attacker Glaz
82%
GSG 9 Attacker IQ
82%
NIGHTHAVEN Attacker Ace
80%
SEALs Attacker Blackbeard
80%
Keres Legion Attacker Deimos
80%
SEALs Defender Valkyrie
80%
GROM Defender Ela
78%
707th SMB Defender Vigil
78%
CBRN Attacker Lion
77%
707th SMB Attacker Dokkaebi
76%
SAT Attacker Hibana
76%
GEO Defender Mira
76%
BOPE Attacker Capitão
75%
NIGHTHAVEN Attacker Kali
75%
GROM Attacker Zofia
74%
Rainbow Defender Sentry
73%
CBRN Attacker Finka
72%
Rainbow Attacker Striker
72%
Secret Service Defender Warden
72%
SDU Attacker Ying
71%
GSUTR Defender Clash
70%
GIGR Defender Kaid
70%
SDU Defender Lesion
70%
GIGR Attacker Nomad
69%
NIGHTHAVEN Defender Wamai
69%
APCA Attacker Amaru
68%
SAT Defender Echo
68%
FES Defender Goyo
68%
GEO Attacker Jackal
68%
EKAM Defender Skopós
68%
SASR Attacker Gridlock
67%
NIGHTHAVEN Defender Aruni
66%
Jaeger Corps Attacker Nøkk
66%
35th Commando Battalion Attacker Ram
66%
GIS Defender Maestro
65%
GSUTR Attacker Maverick
65%
GIS Defender Alibi
64%
SASR Defender Mozzie
63%
COT Attacker Brava
62%
Unaffiliated Defender Azami
61%
Unaffiliated Defender Fenrir
61%
REU Attacker Iana
61%
GIGR Defender Oryx
61%
NIGHTHAVEN Attacker Grim
60%
ITF Defender Melusi
60%
NZSAS Attacker Rauora
60%
FBI (Asset) Attacker Flores
59%
NIGHTHAVEN Attacker Osa
58%
DAE Defender Tubarão
58%
Garda ERU Defender Thorn
57%
AFEAU Defender Solis
56%
STAR-NET Defender Thunderbird
56%
ROS Attacker Zero
54%
SFG Attacker Sens
51%
No matching quizzes found
Score Distribution
Percent of People with Each Score
Percentile by Number Answered
Your Score History
You have not taken this quiz since the last reset